LEADER 00952nam 2200349 4500 001 990000589330203316 035 $a0058933 035 $aUSA010058933 035 $a(ALEPH)000058933USA01 035 $a0058933 100 $a20010828d1994----km-y0ENGy0103----ba 101 $aita 102 $aIT 200 1 $aPontormo$fPhilippe Costamagna$g 210 $aMilano$cElecta$d1994 215 $a379 p.$cill.$d29 cm 410 $12001 606 0 $aPontormo 676 $a759.5 700 1$aCOSTAMAGNA,$bPhilippe$0323873 702 1$aCUROTTO,$bAlberto 801 0$aIT$bsalbc$gISBD 912 $a990000589330203316 951 $aVII P 316$b118515 LM$cVII P 951 $aVII P 316BIS$b121135 LM$cVII P 959 $aBK 969 $aUMA 979 $aPATRY$b90$c20010828$lUSA01$h1106 979 $c20020403$lUSA01$h1708 979 $aPATRY$b90$c20040406$lUSA01$h1641 996 $aPontormo$9237469 997 $aUNISA LEADER 00739nam0-22002771i-450- 001 990004188340403321 005 20010122 035 $a000418834 035 $aFED01000418834 035 $a(Aleph)000418834FED01 035 $a000418834 100 $a20010122d1966----km-y0itay50------ba 101 0 $aeng 105 $aa-------001yy 200 1 $aIntroducing Shakespeare$fG. B. Harrison 205 $a3. ed. 210 $aMiddlesex$cPenguin Books$d1966 215 $a232 p.$cill.$d19 cm 700 1$aHarrison,$bGeorge Bagshawe$0163927 801 0$aIT$bUNINA$gRICA$2UNIMARC 901 $aBK 912 $a990004188340403321 952 $aP.3 BR.C.1305$fFLFBC 959 $aFLFBC 996 $aIntroducing Shakespeare$9183388 997 $aUNINA